00931cam a22003013a 45000010005000000030006000050050017000110080041000280400015000690420007000840500007000911000029000982450054001272600029001815060030002105160020002406530013002606530054002736530044003276530025003716530046003967000018004428300028004608560041004889420007005299990019005369520074005552562PGUSA20140828083016.0010301s2001||||xxu|||||s|||||000 | eng d aPGUSAbeng adc 4aPA1 aAristophanes,d-450--38814aThe Cloudsh[electronic resource] /cAristophanes bProject Gutenberg,c2001 aPublic domain in the USA. aElectronic text aComedies aGreek drama (Comedy) -- Translations into English aRhetoric -- Study and teaching -- Drama aClassical literature aAristophanes -- Translations into English1 aHickie, W. J. 0aProject Gutenbergv256240uhttp://www.gutenberg.org/ebooks/2562 cEB c231899d231899 001040aGTBbGTBd2014-08-28l0r2014-08-28 00:00:00w2014-08-28yEB